Ekonomický význam a důsledky patentové ochrany.
Príspevok k diskusii o užitočnosti patentovej ochrany. Patent ako právny monopol, ktorý je iný ako ekonomický monopol. Vzťah patentu a monopolu v ekonomickej rovine. Patentová ochrana a medzinárodný obchod. Priemyslové práva a uruguajské kolo GATT. Patentová ochrana a zahraničné investície. Patenty...
Guardado en:
| Autor principal: | |
|---|---|
| Formato: | Capítulo de libro |
| Lenguaje: | checo |
| Materias: | |
| Etiquetas: |
Sin Etiquetas, Sea el primero en etiquetar este registro!
|
MARC
| LEADER | 00000naa a2200000 4500 | ||
|---|---|---|---|
| 001 | r009892 | ||
| 005 | 20220831085158.4 | ||
| 041 | 0 | |a cze | |
| 044 | |a [CS] | ||
| 245 | 1 | 0 | |a Ekonomický význam a důsledky patentové ochrany. |c I. Šronek |
| 520 | |a Príspevok k diskusii o užitočnosti patentovej ochrany. Patent ako právny monopol, ktorý je iný ako ekonomický monopol. Vzťah patentu a monopolu v ekonomickej rovine. Patentová ochrana a medzinárodný obchod. Priemyslové práva a uruguajské kolo GATT. Patentová ochrana a zahraničné investície. Patenty ako nástroj transferu technológie. Úvahy o nevyhnutnosti patentového systému a poznámky o účelnosti patentového systému pre ČSFR. | ||
| 610 | 2 | 0 | |a patenty |
| 610 | 2 | 0 | |a právo priemyselné |
| 610 | 2 | 0 | |a transfer technológie |
| 610 | 2 | 0 | |a obchod medzinárodný |
| 610 | 2 | 0 | |a GATT |
| 610 | 2 | 0 | |a ČSFR |
| 100 | 1 | |a Šronek, I. | |